[Event "Rated Blitz game"]
[Site "?"]
[Date "2021.01.17"]
[Round "?"]
[White "batuhannozen"]
[Black "pasha1984"]
[Result "0-1"]
[WhiteElo "2410"]
[BlackElo "2349"]
[PlyCount "118"]
[EventDate "2021.??.??"]
[EventType "blitz"]

1. e4 e5 2. Nf3 d5 3. d4 dxe4 4. Nxe5 Bd6 5. Nc4 Nc6 6. Nxd6+ Qxd6 7. d5 Nce7
8. c4 Qg6 9. Nc3 Nf6 10. Nb5 O-O 11. Nxc7 Rb8 12. Bf4 Nh5 13. Bg3 Nxg3 14. hxg3
Bg4 15. Be2 Bxe2 16. Qxe2 Rfc8 17. Nb5 e3 18. O-O exf2+ 19. Rxf2 Nf5 20. g4 Ng3
21. Qc2 Ne4 22. Rf4 Qb6+ 23. Kh1 Nf6 24. Raf1 Nxd5 25. Rxf7 Qh6+ 26. Kg1 Ne3
27. Qd3 Nxf1 28. Rxf1 Rd8 29. Qe4 Re8 30. Qd5+ Qe6 31. Qd3 a6 32. Nc7 Qe3+ 33.
Qxe3 Rxe3 34. Nd5 Re4 35. b3 Rxg4 36. Re1 h5 37. Re7 h4 38. Kh2 b5 39. c5 Rc8
40. c6 Rxc6 41. Re5 Rh6 42. Ne3 Rgg6 43. Re8+ Kh7 44. Rc8 Re6 45. Nf5 Rhf6 46.
Nxh4 Rh6 47. g3 Re2+ 48. Kh3 Rxa2 49. Rc5 Rb2 50. Rg5 a5 51. Rg4 a4 52. Rg5
axb3 53. Kg4 Rc2 54. Nf5 Rc4+ 55. Kf3 Rf6 56. Rxg7+ Kh8 57. g4 Rxf5+ 58. Kg3
Kxg7 59. Kh3 Rc3+ {Time forfeit} 0-1

[Event "Rated Blitz game"]
[Site "?"]
[Date "2021.01.17"]
[Round "?"]
[White "Bulletking179"]
[Black "Jomajo"]
[Result "1/2-1/2"]
[WhiteElo "2521"]
[BlackElo "2565"]
[PlyCount "182"]
[EventDate "2021.??.??"]
[EventType "blitz"]

1. e4 e5 2. Nf3 d5 3. d3 dxe4 4. dxe4 Qxd1+ 5. Kxd1 Bg4 6. c3 Nd7 7. Kc2 O-O-O
8. Bc4 Bxf3 9. gxf3 f6 10. Be3 Bd6 11. Nd2 a6 12. a4 Ne7 13. h4 Kb8 14. h5 f5
15. Bg5 h6 16. Bh4 Nf6 17. Bxf6 gxf6 18. Rhg1 Bc5 19. Rg7 Nc8 20. Be6 Nd6 21.
Bxf5 Bxf2 22. Rg6 Bh4 23. Rag1 Bg5 24. Nb3 b6 25. a5 Nc4 26. axb6 cxb6 27. Ra1
a5 28. Re1 Ne3+ 29. Kb1 Rd6 30. Rxg5 hxg5 31. Rxe3 Rxh5 32. Re2 Rh1+ 33. Kc2
Rf1 34. Nd2 Rh1 35. Nc4 Rc6 36. Ne3 a4 37. Bd7 Rd6 38. Bxa4 Rh3 39. Rf2 Kb7 40.
Bb3 b5 41. Bd5+ Kb6 42. Nf5 Rd8 43. Ne3 Rdh8 44. Be6 Rh2 45. Nd5+ Kc5 46. Rxh2
Rxh2+ 47. Kb3 Rh6 48. Bg4 Rg6 49. Kc2 Rh6 50. Kd3 Rg6 51. b4+ Kd6 52. c4 bxc4+
53. Kxc4 Rg8 54. Nxf6 Rb8 55. b5 Ra8 56. Nd5 Ra1 57. b6 Rb1 58. Kc3 Kc6 59. Kc4
Rc1+ 60. Kb4 Rb1+ 61. Kc3 Rc1+ 62. Kd2 Rb1 63. Ke3 Rb3+ 64. Kf2 Rb2+ 65. Kg3
Rb3 66. Bf5 Kc5 67. Kg4 Kc6 68. Kxg5 Rxf3 69. Kf6 Rd3 70. Kxe5 Rd1 71. Ke6 Rf1
72. e5 Kc5 73. Ne7 Kd4 74. Bg6 Re1 75. Bf7 Rxe5+ 76. Kf6 Rb5 77. Nc6+ Kc5 78.
Nd8 Kxb6 79. Ne6 Ka5 80. Ke7 Kb4 81. Nd4 Ka5 82. Nxb5 Kb4 83. Nd6 Kc5 84. Be8
Kb4 85. Nf7 Ka5 86. Kf8 Kb6 87. Bd7 Ka7 88. Be6 Kb6 89. Nd8 Ka5 90. Ke7 Kb6 91.
Nc6 Kxc6 {Normal} 1/2-1/2

[Event "Rated Blitz game"]
[Site "?"]
[Date "2021.01.17"]
[Round "?"]
[White "liczner"]
[Black "Jomajo"]
[Result "1-0"]
[WhiteElo "2680"]
[BlackElo "2565"]
[PlyCount "57"]
[EventDate "2021.??.??"]
[EventType "blitz"]

1. e4 e5 2. Nf3 d5 3. exd5 e4 4. Qe2 Qe7 5. Nd4 Nf6 6. Nc3 Qe5 7. Nf3 Qe7 8.
Nd4 Qe5 9. Ndb5 a6 10. d4 Qe7 11. Na3 b5 12. Nab1 c6 13. Bg5 Bf5 14. Nd2 cxd5
15. Nxd5 Qd6 16. Nxf6+ gxf6 17. Nxe4 Bxe4 18. Qxe4+ Qe7 19. Qxe7+ Bxe7 20. Bf4
Nc6 21. O-O-O O-O-O 22. c3 Bd6 23. Bxd6 Rxd6 24. Bd3 h6 25. Rhe1 Rg8 26. g3
Rdd8 27. Re3 Kc7 28. Rde1 Kd6 29. Rf3 {Normal} 1-0

[Event "Rated Blitz game"]
[Site "?"]
[Date "2021.01.17"]
[Round "?"]
[White "DaniENP"]
[Black "pasha1984"]
[Result "1-0"]
[WhiteElo "2421"]
[BlackElo "2370"]
[PlyCount "37"]
[EventDate "2021.??.??"]
[EventType "blitz"]

1. e4 e5 2. Nf3 d5 3. Nxe5 dxe4 4. d4 Bd6 5. Nc4 Nc6 6. Be2 Nf6 7. Nxd6+ Qxd6
8. c3 h5 9. h4 Bg4 10. Bg5 Bxe2 11. Qxe2 O-O-O 12. Nd2 Rde8 13. Nc4 Qe6 14. Ne3
Ng4 15. d5 Qe5 16. dxc6 f6 17. cxb7+ Kb8 18. Nxg4 hxg4 19. Be3 {Normal} 1-0

[Event "Rated Blitz game"]
[Site "?"]
[Date "2021.01.16"]
[Round "?"]
[White "DanPach"]
[Black "blastol"]
[Result "0-1"]
[WhiteElo "2441"]
[BlackElo "2391"]
[PlyCount "72"]
[EventDate "2021.??.??"]
[EventType "blitz"]

1. e4 e5 2. Nf3 d5 3. exd5 Bd6 4. d4 e4 5. Ne5 Nf6 6. c4 O-O 7. Nc3 Re8 8. Be2
Nbd7 9. Nxd7 Bxd7 10. c5 Be7 11. Bf4 Bf5 12. Qb3 b6 13. c6 Bd6 14. Bg3 e3 15.
f3 Bxg3+ 16. hxg3 Qd6 17. g4 Qg3+ 18. Kd1 Qxg2 19. Re1 Bd3 20. Kc1 Bxe2 21.
Rxe2 Qxf3 22. Qc4 Rad8 23. Kc2 Nxg4 24. Rae1 a6 25. Qxa6 Ra8 26. Qd3 b5 27. a3
Reb8 28. Rxe3 Nxe3+ 29. Rxe3 Qf2+ 30. Re2 Qf6 31. Ne4 Qg6 32. d6 cxd6 33. d5 b4
34. axb4 Rxb4 35. Nc3 Qxd3+ 36. Kxd3 Kf8 {Time forfeit} 0-1

[Event "Rated Blitz game"]
[Site "?"]
[Date "2021.01.16"]
[Round "?"]
[White "NguyenDucHoa"]
[Black "Fantastic_power06"]
[Result "0-1"]
[WhiteElo "2615"]
[BlackElo "2587"]
[PlyCount "70"]
[EventDate "2021.??.??"]
[EventType "blitz"]

1. e4 e5 2. Nf3 d5 3. d4 dxe4 4. Nxe5 Bd6 5. Nc4 Nc6 6. Nc3 Bb4 7. Be3 Nge7 8.
a3 Bxc3+ 9. bxc3 Nd5 10. Qd2 O-O 11. Be2 f5 12. Bg5 e3 13. Nxe3 Qxg5 14. Bc4
Be6 15. Nxd5 f4 16. h4 Qxg2 17. Ne7+ Kh8 18. O-O-O Bxc4 19. Rhg1 Qh3 20. d5
Nxe7 21. Qd4 Nf5 22. Qxc4 Qf3 23. Kb2 Qxf2 24. Rgf1 Qb6+ 25. Ka2 Ne3 26. Qd3
Nxf1 27. Rxf1 Qe3 28. Qc4 f3 29. h5 Qe2 30. Kb3 b5 31. Qd3 Qxd3 32. cxd3 f2 33.
h6 g5 34. Kc2 g4 35. Kd2 g3 {Normal} 0-1

[Event "Rated Blitz game"]
[Site "?"]
[Date "2021.01.16"]
[Round "?"]
[White "madcap_tr"]
[Black "Yatatu408Empire"]
[Result "0-1"]
[WhiteElo "2393"]
[BlackElo "2442"]
[PlyCount "30"]
[EventDate "2021.??.??"]
[EventType "blitz"]

1. e4 e5 2. Nf3 d5 3. Nxe5 Bd6 4. d4 dxe4 5. Nc3 Bxe5 6. dxe5 Qxd1+ 7. Kxd1 Bf5
8. Be3 Nc6 9. Bb5 O-O-O+ 10. Ke2 Nxe5 11. Rad1 Bg4+ 12. f3 exf3+ 13. Kf2 fxg2
14. Rxd8+ Kxd8 15. Kxg2 Bf3+ {Normal} 0-1

[Event "Rated Blitz game"]
[Site "?"]
[Date "2021.01.16"]
[Round "?"]
[White "redblizzard"]
[Black "DarthZannah"]
[Result "0-1"]
[WhiteElo "2425"]
[BlackElo "2447"]
[PlyCount "44"]
[EventDate "2021.??.??"]
[EventType "blitz"]

1. e4 e5 2. Nf3 d5 3. Nxe5 dxe4 4. d4 Nd7 5. Nxd7 Bxd7 6. Nc3 Nf6 7. Bc4 Bd6 8.
O-O O-O 9. h3 h6 10. Re1 Re8 11. a3 c6 12. Be3 Qc8 13. Qe2 Bxh3 14. gxh3 Qxh3
15. f4 exf3 16. Qf2 Ng4 17. Bf1 Bh2+ 18. Kh1 Nxf2+ 19. Bxf2 Qh5 20. Rxe8+ Rxe8
21. Rd1 Bg3+ 22. Kg1 Qh2# {Normal} 0-1

[Event "Rated Blitz game"]
[Site "?"]
[Date "2021.01.16"]
[Round "?"]
[White "watabou"]
[Black "Taabling"]
[Result "1-0"]
[WhiteElo "2293"]
[BlackElo "2433"]
[PlyCount "27"]
[EventDate "2021.??.??"]
[EventType "blitz"]

1. e4 e5 2. Nf3 d5 3. d4 dxe4 4. Nxe5 Bd6 5. Nc4 Nf6 6. Nc3 Bb4 7. Be2 O-O 8.
O-O Bxc3 9. bxc3 Nd5 10. Qd2 f5 11. Ba3 Re8 12. Ne3 Nf4 13. Bc4+ Kh8 14. Nxf5 {
Time forfeit} 1-0

[Event "Rated Blitz game"]
[Site "?"]
[Date "2021.01.16"]
[Round "?"]
[White "berval"]
[Black "Fantastic_power06"]
[Result "0-1"]
[WhiteElo "2445"]
[BlackElo "2558"]
[PlyCount "47"]
[EventDate "2021.??.??"]
[EventType "blitz"]

1. e4 e5 2. Nf3 d5 3. Nxe5 Bd6 4. d4 dxe4 5. Nc4 Nc6 6. Be2 Bf5 7. c3 Qd7 8.
Nbd2 O-O-O 9. Nxd6+ Qxd6 10. Nc4 Qg6 11. g4 Be6 12. h4 h5 13. g5 Nge7 14. b4
Nd5 15. Qc2 Ndxb4 16. cxb4 Nxd4 17. Qc3 Bxc4 18. Qxc4 e3 19. O-O b5 20. Qc5
Nxe2+ 21. Kh2 Qe4 22. f4 Nd4 23. Qxa7 e2 24. Re1 {Normal} 0-1

[Event "Rated Blitz game"]
[Site "?"]
[Date "2021.01.16"]
[Round "?"]
[White "Shazil"]
[Black "InterestingPlay"]
[Result "1-0"]
[WhiteElo "2346"]
[BlackElo "2438"]
[PlyCount "95"]
[EventDate "2021.??.??"]
[EventType "blitz"]

1. e4 e5 2. Nf3 d5 3. exd5 e4 4. Qe2 Nf6 5. d3 Bb4+ 6. c3 O-O 7. dxe4 Bc5 8.
Bg5 h6 9. Bh4 Nbd7 10. Nbd2 Re8 11. O-O-O Qe7 12. Re1 g5 13. Nxg5 hxg5 14. Bxg5
Qf8 15. Qf3 Qg7 16. h4 Nh7 17. Rh3 Ne5 18. Qg3 Bxh3 19. Qxh3 Nxg5 20. hxg5 Qxg5
21. Be2 Kg7 22. f4 Qxf4 23. Rf1 Qh6 24. Qg3+ Ng6 25. Kc2 Bd6 26. Qf2 Re7 27.
Nf3 Rae8 28. Nd4 Qf4 29. Nf5+ Kf8 30. Qxf4 Nxf4 31. Rh1 Kg8 32. Nh6+ Kg7 33.
Nf5+ Kf6 34. Nxe7 Rxe7 35. Bf3 Ng6 36. g3 Ne5 37. Rf1 Kg5 38. Bg2 Ng6 39. Rf5+
Kg4 40. Bf3+ Kxg3 41. Bh5 Ne5 42. Rg5+ Kh4 43. Rf5 f6 44. Bf7 Nxf7 45. Rf4+
Bxf4 46. e5 Kh5 47. d6 Kg5 48. dxe7 {Time forfeit} 1-0

[Event "Rated Blitz tournament tgYTEY8S"]
[Site "?"]
[Date "2021.01.16"]
[Round "?"]
[White "CAS_BKD"]
[Black "om_gendut"]
[Result "1-0"]
[WhiteElo "2451"]
[BlackElo "2379"]
[PlyCount "77"]
[EventDate "2021.??.??"]
[EventType "blitz"]

1. e4 e5 2. Nf3 d5 3. Nxe5 Bd6 4. d4 dxe4 5. Nc4 Be7 6. c3 Nf6 7. Be2 O-O 8.
O-O Bf5 9. Bf4 Nbd7 10. Nbd2 Nb6 11. Ne3 Bg6 12. h3 Bd6 13. Bxd6 Qxd6 14. a4 a5
15. Ndc4 Nxc4 16. Nxc4 Qe6 17. Ne5 c6 18. Bc4 Nd5 19. Qb3 Rab8 20. Rae1 Rfe8
21. f3 f5 22. fxe4 fxe4 23. Qc2 b5 24. axb5 cxb5 25. Ba2 Kh8 26. Qb3 Red8 27.
Bb1 a4 28. Qa2 b4 29. Bxe4 b3 30. Qxa4 Bxe4 31. Rxe4 Nf6 32. Ref4 Qd5 33. Qa7
Rb7 34. Qc5 Qxc5 35. dxc5 Re7 36. Nc6 Ree8 37. Nxd8 Rxd8 38. c6 Rc8 39. Rc4 {
Normal} 1-0

[Event "Rated Blitz game"]
[Site "?"]
[Date "2021.01.16"]
[Round "?"]
[White "jdjdejdejy"]
[Black "Maltinho"]
[Result "0-1"]
[WhiteElo "2392"]
[BlackElo "2547"]
[PlyCount "54"]
[EventDate "2021.??.??"]
[EventType "blitz"]

1. e4 e5 2. Nf3 d5 3. d3 Bd6 4. exd5 f5 5. c4 Nf6 6. Nc3 c6 7. Bg5 h6 8. Bxf6
Qxf6 9. Qb3 O-O 10. c5 Bc7 11. d6+ Be6 12. Qxb7 Nd7 13. Qxc7 e4 14. Be2 exf3
15. Bxf3 Nxc5 16. O-O Nxd3 17. Bxc6 Rac8 18. Nd5 Bxd5 19. Bxd5+ Kh8 20. Qxa7
Qxd6 21. Bb3 Qg6 22. Rfd1 Nf4 23. g3 Qg4 24. Qe3 Nh3+ 25. Kg2 Ng5 26. h4 f4 27.
Rd4 Qh3+ {Time forfeit} 0-1

[Event "Rated Blitz game"]
[Site "?"]
[Date "2021.01.16"]
[Round "?"]
[White "NguyenDucHoa"]
[Black "Fantastic_power06"]
[Result "1-0"]
[WhiteElo "2614"]
[BlackElo "2587"]
[PlyCount "141"]
[EventDate "2021.??.??"]
[EventType "blitz"]

1. e4 e5 2. Nf3 d5 3. Nxe5 Bd6 4. d4 dxe4 5. Be2 Bxe5 6. dxe5 Qxd1+ 7. Bxd1 Nc6
8. Nc3 Bf5 9. g4 Bg6 10. h4 h5 11. gxh5 Bxh5 12. Nxe4 Bxd1 13. Kxd1 O-O-O+ 14.
Ke2 Nd4+ 15. Kd3 Nb3+ 16. Kc3 Nxa1 17. Bg5 Re8 18. Rxa1 Rxe5 19. f3 f6 20. Bf4
Re8 21. Bg3 Ne7 22. Bf2 Nf5 23. Rg1 Re7 24. Rg4 Nh6 25. Rg6 Rf7 26. Ng3 Ng8 27.
Rg4 Ne7 28. b3 f5 29. Rc4 Rh6 30. Kb2 Rc6 31. Ra4 a6 32. Rd4 Rd6 33. Rc4 Kd7
34. Nh5 b5 35. Rc5 Rc6 36. Re5 Re6 37. Rc5 Ng6 38. Bd4 Nxh4 39. Nxg7 Rd6 40.
Bc3 Rc6 41. Rd5+ Rd6 42. Rc5 Rc6 43. Rd5+ Rd6 44. Rxd6+ cxd6 45. f4 Ng2 46. Nh5
Ke6 47. a4 Rh7 48. Nf6 Rh3 49. axb5 axb5 50. Ne8 Nxf4 51. Nc7+ Kd7 52. Nxb5 Nd5
53. Bd4 Kc6 54. Na7+ Kb7 55. Nb5 Kc6 56. Na3 Nc7 57. Nc4 Kd7 58. Nb6+ Ke6 59.
Nc8 Nd5 60. Bb6 Nf6 61. Bd4 Ne4 62. Nb6 f4 63. Nc4 Kf5 64. Nb6 d5 65. Nxd5 f3
66. Ne3+ Kf4 67. Nd5+ Kg3 68. Be5+ Kg2 69. Ne3+ Kh1 70. Ng4 f2 71. Nxf2+ {
Time forfeit} 1-0

[Event "Rated Blitz game"]
[Site "?"]
[Date "2021.01.16"]
[Round "?"]
[White "hungzhao"]
[Black "Fantastic_power06"]
[Result "1-0"]
[WhiteElo "2618"]
[BlackElo "2603"]
[PlyCount "95"]
[EventDate "2021.??.??"]
[EventType "blitz"]

1. e4 e5 2. Nf3 d5 3. d3 dxe4 4. dxe4 Qxd1+ 5. Kxd1 Bg4 6. Be3 Nd7 7. Nbd2
O-O-O 8. h3 Bxf3+ 9. gxf3 Bc5 10. Bc4 f6 11. Ke2 Ne7 12. Be6 Bxe3 13. fxe3 c6
14. Nb3 Kc7 15. a4 Nf8 16. Bc4 b6 17. a5 b5 18. Bf7 g5 19. h4 h6 20. hxg5 fxg5
21. Nc5 Rh7 22. Bb3 Neg6 23. Bg8 Rh8 24. Bf7 Nh4 25. b4 Rd6 26. c4 Rf6 27. Bh5
bxc4 28. Rhd1 Rh7 29. Rac1 Ne6 30. Rxc4 Nxc5 31. Rxc5 Rd7 32. Rxd7+ Kxd7 33.
Rxe5 Rf8 34. Bg4+ Kc7 35. Re7+ Kd6 36. Rxa7 Rb8 37. Rd7+ Ke5 38. Rd4 Rh8 39.
Rc4 h5 40. Bd7 Kd6 41. Bxc6 Ng6 42. b5 h4 43. Rd4+ Ke5 44. a6 h3 45. a7 h2 46.
Rd1 Ne7 47. a8=Q Rxa8 48. Bxa8 {Normal} 1-0

[Event "Rated Blitz game"]
[Site "?"]
[Date "2021.01.16"]
[Round "?"]
[White "FourNinetySix"]
[Black "BigTy"]
[Result "1-0"]
[WhiteElo "2415"]
[BlackElo "2296"]
[PlyCount "101"]
[EventDate "2021.??.??"]
[EventType "blitz"]

1. e4 e5 2. Nf3 d5 3. Nxe5 Bd6 4. d4 dxe4 5. Bc4 Bxe5 6. Qh5 Qe7 7. Qxe5 Qxe5
8. dxe5 Nc6 9. Bf4 Nge7 10. Nc3 Ng6 11. Bg3 h5 12. e6 Bxe6 13. Bxe6 fxe6 14.
Bxc7 Rc8 15. Bd6 Nd4 16. O-O-O Nf5 17. Nxe4 Rc4 18. f3 Kf7 19. b3 Rc6 20. Kb2
Rhc8 21. c3 b5 22. Rd2 Kg8 23. g3 a5 24. Rhd1 Ne3 25. Rc1 Nd5 26. g4 hxg4 27.
fxg4 Ngf4 28. Bxf4 Nxf4 29. h4 Nd5 30. g5 a4 31. h5 axb3 32. axb3 Ra6 33. Ra1
Rac6 34. Ra5 Nxc3 35. Nxc3 Rxc3 36. Rxb5 Rh3 37. g6 Rf3 38. Rb7 Rf5 39. Rdd7
Rxh5 40. Rxg7+ Kh8 41. Rh7+ Rxh7 42. Rxh7+ Kg8 43. Re7 Rc6 44. b4 e5 45. Rxe5
Rxg6 46. b5 Kf7 47. Kb3 Kf6 48. Re3 Rg1 49. Kb4 Rb1+ 50. Kc5 Kf5 51. Kb6 {
Normal} 1-0

[Event "Rated Blitz game"]
[Site "?"]
[Date "2021.01.16"]
[Round "?"]
[White "JackTheRipperSlash"]
[Black "blastol"]
[Result "1-0"]
[WhiteElo "2310"]
[BlackElo "2404"]
[PlyCount "111"]
[EventDate "2021.??.??"]
[EventType "blitz"]

1. e4 e5 2. Nf3 d5 3. Nxe5 Bd6 4. d4 dxe4 5. Bc4 Bxe5 6. Qh5 Qe7 7. dxe5 Be6 8.
Nd2 Nc6 9. Bb5 Qc5 10. Bxc6+ Qxc6 11. Qe2 f5 12. O-O O-O-O 13. f3 Qc5+ 14. Kh1
Qxe5 15. fxe4 f4 16. Nf3 Qc5 17. Bxf4 Bc4 18. Qf2 Qxf2 19. Rxf2 Nf6 20. Ng5
Rhf8 21. b3 h6 22. bxc4 hxg5 23. Bxg5 Nxe4 24. Rxf8 Rxf8 25. Be3 Nd6 26. c5 Nc4
27. Bd4 Rd8 28. Bxg7 Rd2 29. h4 Ne3 30. h5 Rxg2 31. h6 Rg4 32. Re1 Rh4+ 33. Kg1
Ng4 34. Re4 Kd7 35. Kg2 Rh2+ 36. Kg3 Rxh6 37. Kxg4 Rg6+ 38. Kf5 Rxg7 39. Rg4
Rf7+ 40. Ke4 Re7+ 41. Kd3 Kc6 42. Rd4 Rf7 43. Rc4 Rf3+ 44. Kd2 Rf4 45. Kc1 Rf5
46. Kb2 Rxc5 47. Rc3 Rxc3 48. Kxc3 Kb6 49. Kd2 c5 50. Kd3 Kc6 51. c3 b6 52. Kd2
b5 53. Kc2 c4 54. Kb2 Kc5 55. Kc2 Kd5 56. Kd2 {Time forfeit} 1-0

[Event "Rated Blitz game"]
[Site "?"]
[Date "2021.01.16"]
[Round "?"]
[White "Fradi82"]
[Black "Stoichess"]
[Result "1-0"]
[WhiteElo "2519"]
[BlackElo "2567"]
[PlyCount "103"]
[EventDate "2021.??.??"]
[EventType "blitz"]

1. e4 e5 2. Nf3 d5 3. Nxe5 Bd6 4. d4 dxe4 5. Nc3 Bxe5 6. dxe5 Qxd1+ 7. Nxd1 Nc6
8. Bf4 Nge7 9. Nc3 Bf5 10. O-O-O O-O 11. Bb5 Ng6 12. Bxc6 bxc6 13. Bg3 Rfe8 14.
Rhe1 h5 15. h3 Nxe5 16. Nxe4 f6 17. Nc5 Kf7 18. b3 Rac8 19. Kb2 Re7 20. Kc3
Rce8 21. a4 g5 22. Re3 h4 23. Bh2 g4 24. Rd4 gxh3 25. gxh3 Ng6 26. Rf3 Bc8 27.
a5 Kg7 28. b4 Kf7 29. Nd3 Kg7 30. Nb2 Be6 31. Nc4 Bd5 32. Rfd3 Re2 33. Ne3 Rxf2
34. Bxc7 Be4 35. Rd2 Rf3 36. Rd7+ Kh6 37. Re2 Bf5 38. Kd2 Bxd7 39. Ng4+ Bxg4
40. Rxe8 Bxh3 41. Ra8 Rf2+ 42. Ke3 Rxc2 43. Rxa7 Bf1 44. Ra8 Ra2 45. Kf3 h3 46.
Kg4 Ne5+ 47. Kf5 h2 48. Kxf6 Ng4+ 49. Kf5 Bh3 50. Rh8+ Kg7 51. Rxh3 Rf2+ 52.
Kxg4 {Time forfeit} 1-0

[Event "Rated Blitz game"]
[Site "?"]
[Date "2021.01.16"]
[Round "?"]
[White "BigTy"]
[Black "FourNinetySix"]
[Result "1-0"]
[WhiteElo "2292"]
[BlackElo "2419"]
[PlyCount "39"]
[EventDate "2021.??.??"]
[EventType "blitz"]

1. e4 e5 2. Nf3 d5 3. exd5 Bd6 4. Nc3 Nf6 5. d3 O-O 6. Bg5 h6 7. Bh4 Re8 8. Be2
c6 9. dxc6 bxc6 10. O-O Nbd7 11. Ne4 Bf8 12. Qd2 Re6 13. Qc3 Nxe4 14. dxe4 Qb6
15. Bc4 Rg6 16. Nxe5 Nxe5 17. Qxe5 Bh3 18. Bg3 Bd6 19. Qh5 Bg4 20. Qxg6 {Normal
} 1-0

[Event "Rated Blitz game"]
[Site "?"]
[Date "2021.01.16"]
[Round "?"]
[White "FourNinetySix"]
[Black "BigTy"]
[Result "1-0"]
[WhiteElo "2407"]
[BlackElo "2304"]
[PlyCount "79"]
[EventDate "2021.??.??"]
[EventType "blitz"]

1. e4 e5 2. Nf3 d5 3. exd5 Bd6 4. Nc3 Nf6 5. Bb5+ Nbd7 6. d3 O-O 7. O-O a6 8.
Bc4 b5 9. Bb3 Bb7 10. Bg5 h6 11. Bh4 Re8 12. Ne4 g5 13. Nexg5 hxg5 14. Bxg5 e4
15. dxe4 Rxe4 16. Qd3 Qf8 17. a4 b4 18. c4 Rae8 19. Bc2 Qg7 20. h4 Bc8 21. Rae1
Rxe1 22. Rxe1 Rxe1+ 23. Nxe1 Nc5 24. Qe2 Bd7 25. b3 Nh7 26. Be3 Bg4 27. f3 Bd7
28. g4 Qe5 29. f4 Qe7 30. Ng2 Nf6 31. f5 Qe5 32. Qf3 Qh2+ 33. Kf2 Be5 34. Bxc5
c6 35. dxc6 Bxc6 36. Qxc6 Qg3+ 37. Kf1 Nxg4 38. Qe8+ Kg7 39. Qf8+ Kf6 40. Qh8#
{Normal} 1-0

[Event "Rated Blitz game"]
[Site "?"]
[Date "2021.01.16"]
[Round "?"]
[White "BigTy"]
[Black "FourNinetySix"]
[Result "1-0"]
[WhiteElo "2296"]
[BlackElo "2414"]
[PlyCount "137"]
[EventDate "2021.??.??"]
[EventType "blitz"]

1. e4 e5 2. Nf3 d5 3. exd5 Bd6 4. d4 e4 5. Ne5 Nf6 6. c4 Nbd7 7. Nxd7 Bxd7 8.
Nc3 O-O 9. Be2 c5 10. dxc6 bxc6 11. Be3 Qc7 12. h3 Rab8 13. Qd2 c5 14. d5 Be5
15. O-O Qa5 16. Nxe4 Qxd2 17. Nxd2 Rxb2 18. Nf3 Bd6 19. Bd3 Nh5 20. Bc1 Rbb8
21. Re1 g6 22. Bh6 Rfe8 23. Rxe8+ Bxe8 24. Rb1 Rxb1+ 25. Bxb1 f6 26. Be3 Nf4
27. Kf1 Ba4 28. g3 Nxh3 29. Kg2 Bd7 30. Bd3 Kg7 31. Nd2 Ng5 32. Nb3 Nf7 33.
Nxc5 Bc8 34. Ne6+ Bxe6 35. dxe6 Ne5 36. c5 Bxc5 37. Bxc5 Nxd3 38. Bxa7 Kf8 39.
a4 Ke7 40. a5 Kxe6 41. Kf3 Nb4 42. Ke3 Kd5 43. Bb6 f5 44. f4 h6 45. Kf3 g5 46.
fxg5 hxg5 47. Bd8 g4+ 48. Kf4 Ke6 49. Bb6 Na6 50. Kg5 Nb4 51. Kf4 Nd5+ 52. Kg5
f4 53. gxf4 g3 54. f5+ Kf7 55. Bg1 g2 56. Kg4 Kf6 57. a6 Nc7 58. a7 Na8 59.
Bd4+ Ke7 60. Kg5 Kf7 61. f6 Ke6 62. Kg6 Nc7 63. f7 Ke7 64. Bc5+ Kd7 65. f8=Q
Kc6 66. Qd6+ Kb7 67. Qb6+ Kc8 68. Qb8+ Kd7 69. Qb7 {Normal} 1-0

[Event "Rated Blitz game"]
[Site "?"]
[Date "2021.01.16"]
[Round "?"]
[White "FourNinetySix"]
[Black "BigTy"]
[Result "1/2-1/2"]
[WhiteElo "2408"]
[BlackElo "2302"]
[PlyCount "103"]
[EventDate "2021.??.??"]
[EventType "blitz"]

1. e4 e5 2. Nf3 d5 3. Nxe5 Bd6 4. d4 dxe4 5. Bc4 Bxe5 6. Qh5 Qe7 7. Qxe5 Qxe5
8. dxe5 Nc6 9. Bf4 Nge7 10. Nc3 Ng6 11. Bg3 Ngxe5 12. Nb5 Nxc4 13. Nxc7+ Ke7
14. Nxa8 Nd4 15. O-O-O Ne2+ 16. Kb1 Nxg3 17. hxg3 Bg4 18. Rd4 Rc8 19. Rxh7 Be6
20. Rxg7 Rxa8 21. b3 Nd6 22. Rh7 Rg8 23. Kb2 e3 24. fxe3 Rxg3 25. Rd2 Rxe3 26.
Rh8 a6 27. Rb8 Rg3 28. a4 Bf5 29. a5 Be4 30. Re2 f5 31. c4 Rxg2 32. Rxg2 Bxg2
33. Kc3 Be4 34. Kd4 Ke6 35. b4 Bc6 36. Rh8 f4 37. Rh6+ Ke7 38. Kc5 Ne4+ 39. Kb6
f3 40. b5 axb5 41. cxb5 Bd5 42. Rh1 f2 43. a6 bxa6 44. bxa6 Ng3 45. Rd1 Bf3 46.
Rc1 Be2 47. a7 Bf3 48. Kc7 f1=Q 49. Rxf1 Nxf1 50. Kb8 Ne3 51. a8=Q Bxa8 52.
Kxa8 {Normal} 1/2-1/2

[Event "Rated Blitz game"]
[Site "?"]
[Date "2021.01.16"]
[Round "?"]
[White "PabloTapie"]
[Black "blastol"]
[Result "1-0"]
[WhiteElo "2485"]
[BlackElo "2389"]
[PlyCount "89"]
[EventDate "2021.??.??"]
[EventType "blitz"]

1. e4 e5 2. Nf3 d5 3. d4 dxe4 4. Nxe5 Bd6 5. Nc4 f5 6. Nc3 Nf6 7. g3 Nc6 8.
Nxd6+ Qxd6 9. Nb5 Qe7 10. Bf4 Nd5 11. c4 Nxf4 12. gxf4 Qb4+ 13. Qd2 Qxd2+ 14.
Kxd2 O-O 15. Nxc7 Rb8 16. Ke3 Nb4 17. Rc1 Nxa2 18. Ra1 Nb4 19. Rxa7 Bd7 20. Kd2
Rfc8 21. Kc3 Nc6 22. Nb5 Nxa7 23. Nxa7 Rc7 24. c5 b6 25. Nb5 Bxb5 26. Bxb5 bxc5
27. Bc4+ Kf8 28. d5 Ke7 29. Ra1 Rcb7 30. b3 Rd8 31. Ra5 Rc7 32. Ra6 Rd6 33. Ra8
Kf7 34. Rh8 Kg6 35. Kd2 h6 36. Ke3 Kf6 37. Rf8+ Ke7 38. Rxf5 Rg6 39. Kxe4 Rg2
40. Re5+ Kf8 41. d6 Rd7 42. Kd5 Rxf2 43. Kc6 Rd8 44. Kc7 Re8 45. Rf5# {Normal}
1-0

[Event "Rated Blitz game"]
[Site "?"]
[Date "2021.01.16"]
[Round "?"]
[White "BigTy"]
[Black "FourNinetySix"]
[Result "0-1"]
[WhiteElo "2300"]
[BlackElo "2411"]
[PlyCount "48"]
[EventDate "2021.??.??"]
[EventType "blitz"]

1. e4 e5 2. Nf3 d5 3. exd5 Bd6 4. d4 e4 5. Ne5 Nf6 6. Bb5+ Nbd7 7. c4 O-O 8.
Nxd7 Bxd7 9. Bxd7 Qxd7 10. Nc3 Rfe8 11. O-O c6 12. dxc6 bxc6 13. h3 Rad8 14.
Be3 Bb8 15. Na4 h5 16. Nc5 Qc8 17. Qa4 h4 18. Qa6 Qc7 19. f4 exf3 20. Rxf3 Qh2+
21. Kf1 Rxe3 22. Rxe3 Qh1+ 23. Kf2 Bg3+ 24. Kf3 Qxa1 {Normal} 0-1

[Event "Rated Blitz game"]
[Site "?"]
[Date "2021.01.16"]
[Round "?"]
[White "alphanegative"]
[Black "Tayota"]
[Result "0-1"]
[WhiteElo "2405"]
[BlackElo "2368"]
[PlyCount "64"]
[EventDate "2021.??.??"]
[EventType "blitz"]

1. e4 e5 2. Nf3 d5 3. d4 dxe4 4. Nxe5 Bd6 5. f4 exf3 6. Nxf3 Nf6 7. Bd3 O-O 8.
O-O h6 9. Nc3 Nc6 10. Kh1 Bg4 11. Be3 Re8 12. Bg1 a6 13. Qd2 Bxf3 14. Rxf3 Nb4
15. Bf5 Nc6 16. Raf1 Ne7 17. Bd3 Ned5 18. Nxd5 Nxd5 19. Rxf7 Rf8 20. Bc4 c6 21.
Rxf8+ Bxf8 22. Qf2 Qg5 23. Qf7+ Kh8 24. Bd3 Nf6 25. h3 Bd6 26. Qxb7 Rd8 27.
Qxc6 Nh5 28. Bh2 Ng3+ 29. Kg1 Nxf1 30. Bxf1 Bxh2+ 31. Kxh2 Qf4+ 32. g3 Qxf1 {
Normal} 0-1

[Event "Rated Blitz game"]
[Site "?"]
[Date "2021.01.16"]
[Round "?"]
[White "VE2805"]
[Black "vovaches"]
[Result "0-1"]
[WhiteElo "2295"]
[BlackElo "2546"]
[PlyCount "104"]
[EventDate "2021.??.??"]
[EventType "blitz"]

1. e4 e5 2. Nf3 d5 3. exd5 e4 4. Qe2 Nf6 5. Nc3 Be7 6. Nxe4 O-O 7. d3 Qxd5 8.
Nc3 Bb4 9. Be3 Nc6 10. Qd2 Qa5 11. Nd4 Nxd4 12. Bxd4 Nd5 13. Be2 c5 14. Be5 f6
15. Bf3 fxe5 16. Bxd5+ Kh8 17. O-O Qd8 18. Be4 Qh4 19. a3 Ba5 20. Qe3 Bb6 21.
Nd5 Be6 22. Nxb6 axb6 23. Qg3 Qh5 24. Rae1 Rae8 25. Re3 Rf4 26. Bf3 Qf5 27. h3
Bf7 28. Rfe1 h6 29. Bxb7 c4 30. Be4 Qf6 31. dxc4 Bxc4 32. Rf3 b5 33. Qg6 Qxg6
34. Bxg6 Rxf3 35. Bxe8 Rf8 36. Rxe5 g5 37. Bxb5 Bf7 38. Rf5 Kg7 39. Re5 Rd8 40.
Re7 Kf6 41. Rb7 Rd1+ 42. Kh2 Rd2 43. Rc7 Rxf2 44. a4 Bd5 45. a5 Rxg2+ 46. Kh1
Rxc2+ 47. Kg1 Rxc7 48. a6 Bc4 49. Bxc4 Rxc4 50. a7 Ra4 51. a8=Q Rxa8 52. b4 Rb8
{Normal} 0-1